Electronic thin film science : (Record no. 355241)

000 -LEADER
fixed length control field 01186pam a2200289 a 4500
001 - CONTROL NUMBER
control field 2958691
003 - CONTROL NUMBER IDENTIFIER
control field Nust- CAS-E0
005 - DATE AND TIME OF LATEST TRANSACTION
control field 20180118181354.0
008 - FIXED-LENGTH DATA ELEMENTS--GENERAL INFORMATION
fixed length control field 910401s1992 nyua b 001 0 eng
010 ## - LIBRARY OF CONGRESS CONTROL NUMBER
LC control number 91003507
020 ## - INTERNATIONAL STANDARD BOOK NUMBER
International Standard Book Number 0024215759
040 ## - CATALOGING SOURCE
Original cataloging agency DLC
Transcribing agency DLC
Modifying agency DLC
050 00 - LIBRARY OF CONGRESS CALL NUMBER
Classification number QC176.9.M84
Item number T83 1992
082 00 - DEWEY DECIMAL CLASSIFICATION NUMBER
Classification number 621.381/52
Edition number 20
100 1# - MAIN ENTRY--PERSONAL NAME
Personal name Tu, K. N.
Fuller form of name (King-ning),
Dates associated with a name 1937-
245 10 - TITLE STATEMENT
Title Electronic thin film science :
Remainder of title for electrical engineers and materials scientists /
Statement of responsibility, etc. King-Ning Tu, James W. Mayer, Leonard C. Feldman ; [illustrations provided by the authors].
260 ## - PUBLICATION, DISTRIBUTION, ETC.
Place of publication, distribution, etc. New York :
Name of publisher, distributor, etc. Macmillan ;
Place of publication, distribution, etc. Toronto :
Name of publisher, distributor, etc. Maxwell Macmillan Canada ;
Place of publication, distribution, etc. New York :
Name of publisher, distributor, etc. Maxwell Macmillan International,
Date of publication, distribution, etc. c1992.
300 ## - PHYSICAL DESCRIPTION
Extent xvii, 428 p. :
Other physical details ill. ;
Dimensions 25 cm.
504 ## - BIBLIOGRAPHY, ETC. NOTE
Bibliography, etc. note Includes bibliographical references and index.
650 #0 - SUBJECT ADDED ENTRY--TOPICAL TERM
Topical term or geographic name entry element Thin films, Multilayered.
650 #0 - SUBJECT ADDED ENTRY--TOPICAL TERM
Topical term or geographic name entry element Electrical engineering
General subdivision Materials.
700 1# - ADDED ENTRY--PERSONAL NAME
Personal name Mayer, James W.,
Dates associated with a name 1930-
700 1# - ADDED ENTRY--PERSONAL NAME
Personal name Feldman, Leonard C.
906 ## - LOCAL DATA ELEMENT F, LDF (RLIN)
a 7
b cbc
c orignew
d 1
e ocip
f 19
g y-gencatlg
942 ## - ADDED ENTRY ELEMENTS (KOHA)
Source of classification or shelving scheme
Koha item type Book
Holdings
Withdrawn status Lost status Source of classification or shelving scheme Damaged status Not for loan Permanent Location Current Location Shelving location Date acquired Source of acquisition Total Checkouts Full call number Barcode Date last seen Cost, replacement price Price effective from Koha item type
          US-Pakistan Center for Advanced Studies in Energy (USPCAS-E) US-Pakistan Center for Advanced Studies in Energy (USPCAS-E) General Stacks 04/11/2013 Victoria co   TUK 1992 621.38152 CAS-E0000098 02/17/2014 8859.00 02/17/2014 Book
© 2023 Central Library, National University of Sciences and Technology. All Rights Reserved.